On the family Blattinopsidae Bolton, 1925 (Insecta, Protorthoptera) /

Hlavní autor: Kukalová, Jarmila, 1930-
Jazyk: Angličtina
Vydáno: Praha : Československá akademie věd, 1959
Edice: Rozpravy ČSAV. Řada matematických a přírodních věd ; roč. 69, č. 1/1959
Fyzický popis: 27 s., příl. ; 8°
Language note: České a ruské resumé
Knihy
Uloženo v:
LEADER 01068nam a22002892a 4500
001 000373273
003 CZ BrMZK
005 20141212100044.0
007 ta
008 980105s1959 xr f eng d
015 |a cnb000513257 
035 |a (OCoLC)85321818 
040 |a ABA001  |b cze  |c ULG001  |d ABA001  |d BOA001 
041 0 |a eng  |b cze  |b rus 
100 1 |a Kukalová, Jarmila,  |d 1930-  |7 jk01070754  |4 aut 
245 1 0 |a On the family Blattinopsidae Bolton, 1925 (Insecta, Protorthoptera) /  |c Jarmila Kukalová 
260 |a Praha :  |b Československá akademie věd,  |c 1959 
300 |a 27 s., příl. ;  |c 8° 
490 1 |a Rozpravy ČSAV. Řada matematických a přírodních věd ;  |v roč. 69, č. 1/1959 
500 |a 800 výt. 
504 |a Obsahuje bibliografii 
546 |a České a ruské resumé 
810 2 |a Československá akademie věd.  |t Rozpravy.  |p Řada matematických a přírodních věd  |0 s 
910 |a BOA001  |b 2-0413.478 
990 |a BK 
991 |b 201408 
996 6 |b 2619813821  |c 2-0413.478  |l MZK  |r Sklad / do 24 hodin  |n 5  |w 000373273  |u 000010  |a 1  |e BOA001  |j MZK50  |s P